| 000 | 00471nam a2200181Ia 4500 | ||
|---|---|---|---|
| 008 | 230917s9999||||xx |||||||||||||| ||und|| | ||
| 020 | _cRS250 | ||
| 040 |
_e224426 _aMAIN |
||
| 041 | _aEnglish | ||
| 082 | _a625.7 K527H(10) | ||
| 100 | _aKhanna, S K | ||
| 245 | 0 | _aHighway engineering | |
| 250 | _a10th. rev ed. | ||
| 260 |
_aRoorkee _bNem Chand and Brothers _c2015 |
||
| 300 | _avii, 773 p. | ||
| 500 | _a1938 05/02/2015 KB516 14/02/2015 Main Budget | ||
| 942 | _cBK | ||
| 999 |
_c14547 _d14547 |
||